000 00604nam a2200193Ia 4500
001 14804
003 GE_BSU
008 181216s||||||||xx |||||||||||||| ||und||
040 _cGE_BSU
080 _a515.12
100 _aАрхангельский, В.А. Пономарев,В.И.
245 _aОсновы общей топологии в задачах и упражнениях
260 _aМосква
260 _bНаука
260 _c1974
300 _a424стр.22см.
653 _aОсновы общей топологии в задачах и упражнениях
942 _cBK
999 _c47927
_d47927